Ταυτότητες, Ομάδες και Κοινωνικά Ζητήματα (Record no. 6001)
[ view plain ]
| 000 -LEADER | |
|---|---|
| fixed length control field | 01836cam a22002054a 4500 |
| 005 - ΗΜΕΡΟΜΗΝΙΑ ΚΑΙ ΩΡΑ ΤΕΛΕΥΤΑΙΑΣ ΕΝΗΜΕΡΩΣΗΣ | |
| Πεδίο ελέγχου | 20250605164230.0 |
| 008 - FIXED-LENGTH DATA ELEMENTS--GENERAL INFORMATION | |
| Πεδίο ελέγχου σταθερού μήκους | 250528s ||||||||||||||||||||||||d |
| 035 ## - SYSTEM CONTROL NUMBER | |
| System control number | 20924 |
| 020 ## - ISBN | |
| ISBN | 9789603758594 |
| 040 ## - ΠΗΓΗ ΚΑΤΑΛΟΓΟΓΡΑΦΗΣΗΣ | |
| Φορέας πρωτότυπης καταλογογράφησης | MC Athens Campus Library |
| Γλώσσα καταλογογράφησης | Ελληνικά, Μοντέρνα (1453-) |
| Modifying agency | MC Athens Campus Library |
| Κανόνες περιγραφικής καταλογογράφησης | AACR2 |
| 245 1# - ΤΙΤΛΟΣ ΚΑΙ ΔΗΛΩΣΗ ΥΠΕΥΘΥΝΟΤΗΤΑΣ | |
| Τίτλος | Ταυτότητες, Ομάδες και Κοινωνικά Ζητήματα |
| 250 ## - EDITION STATEMENT | |
| Edition statement | 1η |
| 260 ## - PUBLICATION, DISTRIBUTION, ETC. | |
| Name of publisher, distributor, etc. | Μεταίχμιο, |
| Date of publication, distribution, etc. | 2005 |
| 300 ## - PHYSICAL DESCRIPTION | |
| Extent | 512 |
| 520 ## - SUMMARY, ETC. | |
| Summary, etc. | Το βιβλίο αυτό προσφέρει μία έγκυρη επισκόπηση της κοινωνικό-ψυχολογικής έρευνας των ομάδων, επισκόπηση της κοινωνικό-ψυχολογικής έρευνας των ομάδων, της ανάπτυξης της κοινωνικής ταυτότητας, των διομαδικών σχέσεων και των διεργασιών νοηματοδότησης της κοινωνικής ζωής. Πρόλογος, Εισαγωγή, Θεματικές Πειραματικής Έρευνας για τις Ομάδες από τη Δεκαετία του 1930 εώς τη Δεκαετία του 1990, Μία Ψυχοδυναμική Οπτική για τις Ομαδικές Διεργασίες, Στάσεις και Κοινωνικές Αναπαραστάσεις και η Διά/ του Λόγου Ψυχολογία, Ομαδική Σύγκρουση και η Κοινωνική Ψυχολογία του Ρατσισμού, Άτομα και Θεσμοί: Η Περίπτωση της Εργασίας και της Απασχόλησης, Ιστορίες ζωής/ Κοινωνικές Ιστορίες, Ευρετήριο Ονομάτων και Εννοιών, Ευχαριστίες. |
| 700 1# - ΠΡΟΣΘΕΤΗ ΑΝΑΓΡΑΦΗ--ΦΥΣΙΚΟ ΠΡΟΣΩΠΟ | |
| Personal name | Wetherell Margaret |
| 9 (RLIN) | 249 |
| 942 ## - ADDED ENTRY ELEMENTS (KOHA) | |
| Koha item type | Books |
| Τύπος τεκμηρίου | Βιβλιοθήκη | Τρέχουσα τοποθεσία | Barcode | Αριθμός εισαγωγής | Ημερομηνία απόκτησης | Ταξιθετικό σύμβολο | Αριθμός αντιτύπου | Κατάσταση απόσυρσης | Κατάσταση χαμένου | Κατάσταση κατεστραμμένου | Μη δανεισμός | Σύνολο δανεισμών | Ημερομηνία τελευταίας εμφάνισης | Η τιμή ισχύει από |
|---|---|---|---|---|---|---|---|---|---|---|---|---|---|---|
| Books | MC Athens Campus Library | MC Athens Campus Library | 9780000060006 | 6634 | 05/06/2025 | 302.4 WET | 1 | 05/06/2025 | 05/06/2025 |